| 000 | 00000nam##2200000za#4500 |
| 001 | 9.575488 |
| 003 | CaOODSP |
| 005 | 20210624184705 |
| 007 | cr ||||||||||| |
| 008 | 150406|2007||||xxc|||||o f|0| 0 eng|d |
| 040 | |aCaOODSP|beng |
| 043 | |an-cn--- |
| 086 | 1 |aTU3-5/07-30E-PDF |
| 110 | 2 |aTransportation Safety Board of Canada. |
| 245 | 10|aLoss of control and impact with runway - SOSA Gliding Club, Pezetel SZD-51-1 Junior (Glider) C-FICQ, Rockton, Ontario, 18 August 2007 |h[electronic resource] |
| 260 | |aGatineau - Quebec : |bTransportation Safety Board of Canada |c[2007]. |
| 300 | |a5p. |
| 490 | 1 |aAviation investigation report |vA07O0233 |
| 590 | |a13-02-Supp|b2013-01-11 |
| 775 | 08|tPerte de maîtrise et collision avec la piste du planeur Pezetel SZD-51-1 Junior C-FICQ exploité par le SOSA Gliding Club à Rockton (Ontario), le 18 août 2007 |w(CaOODSP)9.605008 |
| 830 | #0|aAviation investigation report ;|vA07O0233|w(CaOODSP)9.504825 |
| 856 | 40|ahttp://publications.gc.ca|qPDF|s150 KB|uhttps://publications.gc.ca/collections/collection_2012/bst-tsb/TU3-5-07-30-eng.pdf|yA07O0233 |